000
00258nam a2200097Ia 4500
008
120527s9999 xx 000 0 und d
100
_a
ABDULLAHI, A. et al.
245
_a
Capacity building for sustainable industrial development
260
_b
RMRD
942
_c
BK
999
_c
25339
_d
25339